| 000 | 00408pab a2200157 454500 | ||
|---|---|---|---|
| 008 | 180718b1980 xxu||||| |||| 00| 0 eng d | ||
| 245 | _aEconomic issues for the eighties (Document) | ||
| 260 | _c1980 | ||
| 300 | _ap.883-888. | ||
| 362 | _aJul-Sep | ||
| 650 | _aDocument | ||
| 650 | _aEconomic and social development | ||
| 773 | _aIndian Journal of Public Administration | ||
| 908 | _aN | ||
| 909 | _a88508 | ||
| 999 |
_c88508 _d88508 |
||